000 00342nam a22001457a 4500
020 _a81-85680-03-5
041 _aENG
100 _aSomani .L.L
245 _aManagement Of Salt- Affe cted Soils And Waters
260 _aUdaipur
_bApex Computing Centre
_c1993
300 _a381
650 _aIDE
700 _aTotawat .K .L
856 _uIDE
999 _c543
_d543